a-Places - Statistics

General Stats
  • This quiz has been taken 24 times
  • The average score is 22 of 25
Answer Stats
Description Place % Correct
Indian city in Uttar Pradesh, home to the Taj Mahal Agra
100%
Country in southeastern Europe (capital: Tirana) Albania
100%
Country in northern Africa (capital: Algiers) Algeria
100%
Capital city of Turkey Ankara
100%
Capital and largest city of Ethiopia Addis Ababa
95%
State in the southern US (capital: Montgomery) Alabama
95%
Largest (Egyptian) city on the Mediterranean Alexandria
95%
Small landlocked country between France and Spain Andorra
95%
Country in southern Africa (capital: Luanda) Angola
95%
Largest country in Oceania Australia
95%
Landlocked country in central Europe (capital: Vienna) Austria
95%
State in the northwestern US (capital: Juneau) Alaska
91%
Province in western Canada (capital: Edmonton) Alberta
91%
Small island country in the Caribbean (capital: St. John's) Antigua and Barbuda
91%
State in the southwestern US (capital: Phoenix) Arizona
91%
Landlocked country in the Caucasus (capital: Yerevan) Armenia
91%
Capital and largest city of Ghana Accra
86%
Country in South America (capital: Buenos Aires) Argentina
86%
Capita city of Nigeria Abuja
82%
Capital and largest city of Georgia, US Atlanta
82%
Capital and only city of Samoa Apia
73%
Dutch island in the Caribbean (capital: Oranjestad) Aruba
73%
Capital and largest city of Eritrea Asmara
64%
British territory in the Caribbean (capital: The Valley) Anguilla
50%
Second-largest city in Peru Arequipa
36%
No matching quizzes found
Score Distribution
Percent of People with Each Score
Percentile by Number Answered
Your Score History
You have not taken this quiz